zpět

Detail výsledku týmu

R.A.M., Jablonec nad Nisou

Datum a čas kvízu

28.5 Celkem bodů Celkový počet nahraných bodů na tomto kvízu bez doplňovacích otázek.
9. Pořadí na kvízu Konečné umístění týmu na tomto kvízu.

Zaznamenané odpovědi

# Otázka Odpověď Body Výsledky
1. Jablonec nad Nisou se stal kra... 2007 0
2. Ve věku 79 let zemřel v neděli... Pákistán 1
3. Takovou party ještě strašnické... Petr Hošek 1
4. Zhruba stovka lidí pracujících... Wolt 1
5. Ve čtvrtek měl premiéru další... Zlatan Ibrahimović, Tomáš Ujfaluši 0.5
6. Nyní se zaměříme na umělce a j... Less 0
7. Postava francouzského malíře P... B) šimpanz 1
8. Za kontroverzní byl ve své dob... Édouard Manet, Snídaně v trávě 1
9. Fotografie amerického umělce A... (Serranova) moč 0
10. V poslední otázce se vrátíme k... České republiky 0